000 00626nam a2200205Ia 4500
005 20250508152046.0
008 008 250505s9999 xx 000 0 eng d
037 _aBooks to be hide in OPAC
040 _aFEDL
_beng
_cFEDL
041 _aeng
_2eng
084 _a001.42, LAZ
_qFEDL
100 _aLazarsfeld Paul F
245 0 _aLanguage of social research: A reader in the methodology of social research
260 _aGlencoe
_bThe Free Press
_c1957
300 _axiii,590p.
650 _aResearch Methods
700 _a Rosenberg Morris
_9760655
942 _cHB
_h001.42, LAZ
999 _c1333994
_d1333994